Lịch sử 8

Đã lưu trong:
Sonraí Bibleagrafaíochta
Príomhúdar: Phan, Ngọc Liên
Údair Eile: Nguyễn, Hữu Trí
Formáid: Leabhar
Teanga:Undetermined
Foilsithe: H. Giáo dục 2004
Ábhair:
Rochtain Ar Líne:http://lrc.tdmu.edu.vn/opac/search/detail.asp?aID=2&ID=4976
Clibeanna: Cuir Clib Leis
Gan Chlibeanna, Bí ar an gcéad duine leis an taifead seo a chlibeáil!
Thư viện lưu trữ: Trung tâm Học liệu Trường Đại học Thủ Dầu Một
LEADER 00628nam a2200205Ia 4500
001 TDMU_4976
008 210410s9999 xx 000 0 und d
082 |a 900.71 
090 |b PH105 
100 |a Phan, Ngọc Liên 
245 0 |a Lịch sử 8 
245 0 |c Phan Ngọc Liên 
260 |a H. 
260 |b Giáo dục 
260 |c 2004 
300 |a 160tr 
650 |a Lịch sử  |x Dạy và học; Sách lớp 8  |v Giáo khoa 
700 |a Nguyễn, Hữu Trí 
856 |u http://lrc.tdmu.edu.vn/opac/search/detail.asp?aID=2&ID=4976 
980 |a Trung tâm Học liệu Trường Đại học Thủ Dầu Một